书目信息 |
| 题名: |
照明器具及其应用电路
|
|
| 作者: | 邹天汉 编著 | |
| 分册: | ||
| 出版信息: | 北京 电子工业出版社 2002.01 |
|
| 页数: | 284页 | |
| 开本: | 26cm | |
| 丛书名: | 应用电路百例丛书 | |
| 单 册: | ||
| 中图分类: | TP923 , TM923.4 | |
| 科图分类: | ||
| 主题词: | 电气照明 | |
| 电子资源: | ||
| ISBN: | 7-5053-6908-3 | |
| 000 | 00673nam0 2200229 45 | |
| 001 | 0238119692 | |
| 005 | 20080513092312.28 | |
| 010 | @a7-5053-6908-3@d25.00CNY | |
| 100 | @a20020520d2002 km y0chiy0120 ea | |
| 101 | 0 | @achi |
| 102 | @aCN@b110000 | |
| 200 | 1 | @a照明器具及其应用电路@AZhao Ming Qi Ju Ji Qi Ying Yong Dian Lu@f邹天汉编著@Fzou tian han bian zhu |
| 210 | @a北京@c电子工业出版社@d2002.01 | |
| 215 | @a284页@d26cm | |
| 225 | 2 | @a应用电路百例丛书 |
| 461 | 0 | @12001 @a应用电路百例丛书 |
| 606 | 0 | @a电气照明 |
| 690 | @aTP923@v3 | |
| 690 | @aTM923.4@v4 | |
| 701 | 0 | @a邹天汉@Azou tian han@4编著 |
| 801 | 0 | @aCN@bPFT@c20080513 |
| 905 | @a安徽大学@dTM923.4@eZ968 | |
| 照明器具及其应用电路/邹天汉编著.-北京:电子工业出版社,2002.01 |
| 284页;26cm.-(应用电路百例丛书) |
| ISBN 7-5053-6908-3:25.00CNY |
| ● |
| 相关链接 |
|
|
|
正题名:照明器具及其应用电路
索取号:TM923.4/Z968
 
预约/预借
| 序号 | 登录号 | 条形码 | 馆藏地/架位号 | 状态 | 备注 |
| 1 | 354759 | 203547590 | 期刊室512/301自科库 14排3列5层/ [索取号:TM923.4/Z968] | 在馆 | |
| 2 | 354760 | 203547607 | 自科库301/301自科库 21排2列1层/ [索取号:TM923.4/Z968] | 在馆 | |
| 3 | 393443 | 203934430 | 期刊室512/301自科库 14排3列5层/ [索取号:TM923.4/Z968] | 在馆 | |
| 4 | 393444 | 203934449 | 期刊室512/301自科库 14排3列5层/ [索取号:TM923.4/Z968] | 在馆 | |
| 5 | 393445 | 203934458 | 期刊室512/301自科库 14排3列5层/ [索取号:TM923.4/Z968] | 在馆 |